00587 2200217 4500001002100000005001500021035002000036007000300056008004100059020001800100082000800118084001400126100002400140245009100164250001000255260004000265300002100305600001500326990001500341990001300356INLIS00000000000776820260602085243 a0010-0626000008ta260602 | | ind  a9786022989813 a720 a720 BAG k0 aBagoes Wiryomartono1 aKomposisi Arsitektur: Apresiasi dan Analisis Kasus di Indonesia /cBagoes Wiryomartono aCet 1 aJakarta :bPenerbit Erlangga,c2016 a120 hlm ;c24 cm 4aArsitektur a214.2/2023 a214/2023